LIBRARY ONLINE CATALOGUE

Ancient civilizations of Africa / (Record no. 10186)

MARC details
000 -LEADER
fixed length control field 00648cam a22002172 4500
001 - CONTROL NUMBER
control field 0000024119
005 - DATE AND TIME OF LATEST TRANSACTION
control field 20151217152257.0
008 - FIXED-LENGTH DATA ELEMENTS--GENERAL INFORMATION
fixed length control field 130611s xx 000 0 eng d
020 ## - INTERNATIONAL STANDARD BOOK NUMBER
International Standard Book Number 9966467351 :
040 ## - CATALOGING SOURCE
Original cataloging agency KABU
Transcribing agency KABU
245 10 - TITLE STATEMENT
Title Ancient civilizations of Africa /
Statement of responsibility, etc. editor G. Mokhtar.
250 ## - EDITION STATEMENT
Edition statement abridged ed.
260 ## - PUBLICATION, DISTRIBUTION, ETC. (IMPRINT)
Place of publication, distribution, etc. Nairobi :
Name of publisher, distributor, etc. E. A. E. P.,
Date of publication, distribution, etc. 1990.
300 ## - PHYSICAL DESCRIPTION
Extent xx, 420 p.
490 0# - SERIES STATEMENT
Series statement General history of Africa ;
Volume/sequential designation II
651 #0 - SUBJECT ADDED ENTRY--GEOGRAPHIC NAME
Geographic name Africa
General subdivision Hstory
Chronological subdivision T0 1498.
-- 0000184090
700 1# - ADDED ENTRY--PERSONAL NAME
Personal name Mokhtar, G.
-- 0000184089
852 1# - LOCATION
-- p980 KES
908 ## - PUT COMMAND PARAMETER (RLIN)
Put command parameter 130611
950 ## - LOCAL HOLDINGS (RLIN)
-- 1
Holdings
Withdrawn status Lost status Source of classification or shelving scheme Not for loan Home library Current library Date acquired Total Checkouts Full call number Barcode Date last seen Date last checked out Price effective from Koha item type Total Renewals
    Library of Congress Classification   Kabarak, Main Campus Kabarak, Main Campus 17/12/2015 1 DT20 .G46 1990 V. II c. 2 015356 12/11/2019 18/10/2019 17/12/2015 General Collection  
    Library of Congress Classification   Kabarak, Main Campus Kabarak, Main Campus 17/12/2015 4 DT20 .G46 1990 V. II c. 1 015353 08/05/2025 10/02/2025 17/12/2015 Africana Collection 1